| 000 | 01125nam a2200313 i 4500 | ||
|---|---|---|---|
| 003 | CO-BoRNBP | ||
| 005 | 20231020210829.0 | ||
| 007 | ta | ||
| 008 | 160315s2009 ck ao gr 000 0 spa d | ||
| 020 | _a9789583010828 | ||
| 040 |
_aCO-BoRNBP _bspa _erda _cCO-BoRNBP |
||
| 041 | 0 | _aspa | |
| 082 | 0 | 4 |
_a745.926 Q7f _222 |
| 100 | 1 |
_aQuintero Ovalle, Zandra _eautora _96599 |
|
| 245 | 1 | 0 |
_aFlores frescas para el matrimonio _bdecorando utensilios para la casa _cRedacción Zandra Quintero Ovalle ; fotografía Jorge H. González |
| 250 | _aPrimera edición | ||
| 264 | 1 |
_aBogotá, Colombia _bPanamericana _c2009 |
|
| 300 |
_a18 páginas _bilustraciones y fotografías a color _c28 cm |
||
| 336 |
_atexto _btxt _2rdacontent |
||
| 337 |
_asin mediación _bn _2rdamedia |
||
| 338 |
_avolumen _bnc _2rdacarrier |
||
| 490 | 0 | _aManos maestras | |
| 521 | _aRecomendado a partir de los 17 años | ||
| 650 | 1 | 7 |
_aArreglos florales _vManuales _2ARMARC _9220680 |
| 650 | 1 | 7 |
_aEnsamblaje (Arte) _vManuales _2ARMARC _9220681 |
| 650 | 1 | 7 |
_aCollage _vManuales _2ARMARC _946780 |
| 700 | 1 |
_aGonzález, Jorge H. _efotógrafo _9220682 |
|
| 942 |
_2ddc _cBK |
||
| 999 |
_c2403 _d2403 |
||